000 00727ntaaa2200217 4500
003 01
005 20251027203119.0
008 0714s1973 ag 01
020 _a9879678311
040 _aAR-BaBN
_bspa
_cAR-BaBN
_eaacr
_dRIC
082 _a366.0025 F96d
100 _aFundación Juan Minetti
_932702
245 _aDirectorio de Asociaciones civiles sin fines de lucro de la ciudad de Córdoba-Argentina
250 _a1 ed.
260 _aCórdoba :
_bSecretaria de Extension Universitaria,
_c1998
300 _a303 p ;
_c22cm
650 _aAsociaciones civiles--Córdoba, Argentina
_932703
650 _aCórdoba, Argentina--Asociaciones civiles--Directorios
_932704
700 _aOrtega, Eduardo Raúl
_932705
942 _cBK
999 _c26590
_d26590